[Event "33. Copenhagen Open (Politiken Cup)"]
[Site "Elsinore"]
[Date "2011.08.03"]
[Round "6"]
[White "Skousen, Nikolai"]
[Black "Krasenkova, Ilena"]
[Result "1/2-1/2"]
[WhiteElo "2289"]
[BlackElo "2092"]
[PlyCount "159"]
[EventDate "2011.07.30"]
[EventType "swiss"]
[EventRounds "10"]
[EventCountry "DEN"]
[Source "ChessBase"]
[SourceDate "2011.08.29"]

1. c4 Nf6 2. g3 g6 3. Bg2 d5 4. cxd5 Nxd5 5. Nc3 Nb6 6. Nf3 Bg7 7. O-O Nc6 8.
d3 O-O 9. Be3 e5 10. Qd2 Re8 11. Bh6 Bh8 12. Rac1 Nd4 13. Nxd4 exd4 14. Ne4 Nd5
15. Rfe1 c6 16. a3 Bf5 17. h3 Qe7 18. Qa5 a6 19. h4 Rad8 20. Bg5 f6 21. Bd2 Bg7
22. Qc5 Bxe4 23. Bxe4 Qxc5 24. Rxc5 Nc7 25. Bf3 Ne6 26. Rc2 f5 27. b4 Bf8 28.
a4 Rd7 29. Rb1 Nc7 30. Kf1 Re5 31. Bf4 Ree7 32. Rc4 Nd5 33. Bxd5+ Rxd5 34. b5
axb5 35. axb5 cxb5 36. Rcb4 Red7 37. Rxb5 Rxb5 38. Rxb5 Kf7 39. Ke1 Be7 40. Kd2
Bd8 41. Kc2 b6 42. Kb3 Ra7 43. Be5 Ra1 44. Bxd4 Re1 45. Kc4 Rxe2 46. Kd5 h5 47.
Rb3 Re6 48. Be5 g5 49. hxg5 Bxg5 50. d4 Rh6 51. Rf3 Kg6 52. Rc3 Kf7 53. Rc7+
Ke8 54. Rb7 h4 55. gxh4 Bxh4 56. f4 Bd8 57. Rg7 Be7 58. Rg8+ Kd7 59. Rb8 Bd8
60. Rb7+ Ke8 61. Kc4 Rc6+ 62. Kd3 Rc1 63. d5 Rd1+ 64. Kc4 Rc1+ 65. Kb3 Rb1+ 66.
Kc2 Rb5 67. d6 Rd5 68. Rh7 b5 69. Rh5 Ba5 70. Rxf5 Rd2+ 71. Kb3 Rd3+ 72. Kc2
Rd2+ 73. Kc1 Rd5 74. Rf6 Bb4 75. Re6+ Kd7 76. Re7+ Kd8 77. Re6 Kd7 78. Re7+ Kd8
79. Re6 Kd7 80. Re7+ 1/2-1/2

[Event "33. Copenhagen Open (Politiken Cup)"]
[Site "Elsinore"]
[Date "2011.08.03"]
[Round "6"]
[White "Skovle, Lars"]
[Black "Borg, Flemming"]
[Result "1-0"]
[WhiteElo "1656"]
[BlackElo "1851"]
[PlyCount "53"]
[EventDate "2011.07.30"]
[EventType "swiss"]
[EventRounds "10"]
[EventCountry "DEN"]
[Source "ChessBase"]
[SourceDate "2011.08.29"]

1. e4 b6 2. Nf3 Bb7 3. Nc3 c5 4. g3 g6 5. Bg2 Bg7 6. O-O e5 7. d3 d6 8. Nd2 Nc6
9. Nc4 Nd4 10. Nd5 Bxd5 11. exd5 Ne7 12. f4 f6 13. c3 Ndf5 14. g4 Nh6 15. fxe5
fxe5 16. Qa4+ Qd7 17. Nxd6+ Kd8 18. Qxd7+ Kxd7 19. Nf7 Nxf7 20. Rxf7 Rag8 21.
Bg5 Bf8 22. Raf1 Ke8 23. d6 Nf5 24. Rxa7 Bxd6 25. Bc6+ Kf8 26. gxf5 gxf5 27.
Rxf5# 1-0

[Event "33. Copenhagen Open (Politiken Cup)"]
[Site "Elsinore"]
[Date "2011.08.03"]
[Round "6"]
[White "Sonderskov, Lissi"]
[Black "Nielsen, Bjorn"]
[Result "0-1"]
[WhiteElo "1099"]
[BlackElo "1619"]
[PlyCount "48"]
[EventDate "2011.07.30"]
[EventType "swiss"]
[EventRounds "10"]
[EventCountry "DEN"]
[Source "ChessBase"]
[SourceDate "2011.08.29"]

1. d4 Nf6 2. Nf3 e6 3. e3 d5 4. Bd3 Nc6 5. Nbd2 Bd6 6. b3 e5 7. dxe5 Nxe5 8.
Bb2 Nxd3+ 9. cxd3 O-O 10. e4 dxe4 11. dxe4 Bb4 12. Bxf6 Bxd2+ 13. Nxd2 Qxf6 14.
O-O b6 15. Qc2 c5 16. Rfe1 Qg6 17. Re3 Qf6 18. Rg3 Qxa1+ 19. Nf1 Ba6 20. h3
Bxf1 21. Qd2 Bd3+ 22. Kh2 Bxe4 23. Qh6 Bg6 24. h4 gxh6 0-1

[Event "33. Copenhagen Open (Politiken Cup)"]
[Site "Elsinore"]
[Date "2011.08.03"]
[Round "6"]
[White "Sowray, Peter J"]
[Black "Fisher, William"]
[Result "1-0"]
[WhiteElo "2350"]
[BlackElo "2178"]
[PlyCount "91"]
[EventDate "2011.07.30"]
[EventType "swiss"]
[EventRounds "10"]
[EventCountry "DEN"]
[Source "ChessBase"]
[SourceDate "2011.08.29"]

1. c4 Nf6 2. g3 e6 3. Bg2 d5 4. Nf3 Be7 5. O-O O-O 6. b3 d4 7. e3 c5 8. exd4
cxd4 9. d3 Nc6 10. Re1 Bd6 11. Na3 e5 12. Nc2 a5 13. a3 Re8 14. Rb1 Bf5 15. b4
axb4 16. axb4 Bc7 17. b5 Na5 18. Bg5 h6 19. Bxf6 Qxf6 20. Nb4 Qd8 21. Nd5 Bd6
22. Nh4 Be6 23. Qf3 Qg5 24. Nb6 Rab8 25. Qe2 Qd8 26. Nd5 g5 27. Nf3 Bxd5 28.
cxd5 Qd7 29. h4 f6 30. Nd2 Kg7 31. b6 Ra8 32. Qh5 Be7 33. Kh2 Ba3 34. Ne4 Rf8
35. g4 gxh4 36. Qxh4 Qxd5 37. Nxf6 Qf7 38. Nh5+ Kg8 39. Rb5 Qe7 40. Qxe7 Bxe7
41. f4 Nc6 42. Bxc6 bxc6 43. Rbxe5 Bb4 44. Rb1 c5 45. Re6 Ra2+ 46. Kh1 1-0

[Event "33. Copenhagen Open (Politiken Cup)"]
[Site "Elsinore"]
[Date "2011.08.03"]
[Round "6"]
[White "Stolberg Rohr, Thomine"]
[Black "Larsen, Eigil"]
[Result "1-0"]
[WhiteElo "1964"]
[BlackElo "1811"]
[PlyCount "53"]
[EventDate "2011.07.30"]
[EventType "swiss"]
[EventRounds "10"]
[EventCountry "DEN"]
[Source "ChessBase"]
[SourceDate "2011.08.29"]

1. e4 e5 2. Nc3 Nf6 3. Bc4 Nxe4 4. Qh5 Nd6 5. Bb3 Nc6 6. Nb5 g6 7. Qf3 f5 8.
Qd5 Qe7 9. Nxc7+ Kd8 10. Nxa8 b6 11. Qf3 Bb7 12. d3 Nd4 13. Qh3 f4 14. c3 N4f5
15. Ne2 h5 16. Rg1 Nh4 17. d4 g5 18. dxe5 Ndf5 19. e6 Qd6 20. Bxf4 gxf4 21. Rd1
Qe5 22. Rxd7+ Kc8 23. Qd3 Bd6 24. Kd2 f3 25. Ng3 Qf4+ 26. Kd1 Bxa8 27. Qa6+ 1-0

[Event "33. Copenhagen Open (Politiken Cup)"]
[Site "Elsinore"]
[Date "2011.08.03"]
[Round "6"]
[White "Svane, Kristian"]
[Black "Savio, Niklas"]
[Result "0-1"]
[WhiteElo "1000"]
[BlackElo "1040"]
[PlyCount "38"]
[EventDate "2011.07.30"]
[EventType "swiss"]
[EventRounds "10"]
[EventCountry "DEN"]
[Source "ChessBase"]
[SourceDate "2011.08.29"]

1. Nf3 d5 2. g3 Nc6 3. Bg2 e5 4. d3 Nf6 5. O-O Bf5 6. Nbd2 d4 7. e4 Be6 8. c3
dxc3 9. bxc3 Qxd3 10. Bb2 O-O-O 11. c4 Nxe4 12. Nxe4 Qxe4 13. Nd2 Qd3 14. Nf3
Qxc4 15. Qb1 f6 16. a4 a5 17. Rc1 Qd3 18. Rc2 Nb4 19. Nxe5 Qxc2 0-1

[Event "33. Copenhagen Open (Politiken Cup)"]
[Site "Elsinore"]
[Date "2011.08.03"]
[Round "6"]
[White "Svane, Minna"]
[Black "Haukenes, Elias"]
[Result "1/2-1/2"]
[WhiteElo "1000"]
[BlackElo "1000"]
[PlyCount "40"]
[EventDate "2011.07.30"]
[EventType "swiss"]
[EventRounds "10"]
[EventCountry "DEN"]
[Source "ChessBase"]
[SourceDate "2011.08.29"]

1. Nf3 d5 2. g3 Nf6 3. Bg2 Bf5 4. O-O e6 5. d3 c6 6. Nbd2 Bd6 7. Qe1 Nbd7 8. e4
dxe4 9. dxe4 Bg6 10. e5 Bxe5 11. Nxe5 Nxe5 12. Qxe5 Bxc2 13. Qg5 O-O 14. b3 h6
15. Qe3 Ng4 16. Qc3 Bd3 17. Bb2 f6 18. Rae1 Bxf1 19. Nxf1 Qb6 20. Qf3 Ne5
1/2-1/2

[Event "33. Copenhagen Open (Politiken Cup)"]
[Site "Elsinore"]
[Date "2011.08.03"]
[Round "6"]
[White "Svane, Troels"]
[Black "Haukenes, Jonas"]
[Result "0-1"]
[WhiteElo "1500"]
[BlackElo "1000"]
[PlyCount "60"]
[EventDate "2011.07.30"]
[EventType "swiss"]
[EventRounds "10"]
[EventCountry "DEN"]
[Source "ChessBase"]
[SourceDate "2011.08.29"]

1. Nf3 g6 2. g3 Bg7 3. Bg2 Nf6 4. O-O O-O 5. d3 d5 6. Nbd2 Bf5 7. c4 c6 8. cxd5
cxd5 9. Re1 Qd6 10. d4 e6 11. Nh4 Nbd7 12. Nxf5 exf5 13. Nf3 Rfe8 14. Bd2 Qb6
15. Rb1 Rac8 16. e3 Ne4 17. Bc1 Qa6 18. a4 Nb6 19. b3 Nc3 20. Qc2 Nxb1 21. Qxb1
Nd7 22. Bd2 Qc6 23. Rc1 Qa6 24. Rc2 Rxc2 25. Qxc2 b6 26. Qc7 Nf6 27. Ng5 Rf8
28. Bb4 Rc8 29. Qxf7+ Kh8 30. Ne6 Rc1+ 0-1

[Event "33. Copenhagen Open (Politiken Cup)"]
[Site "Elsinore"]
[Date "2011.08.03"]
[Round "6"]
[White "Svanholm, Borge Waaktaar"]
[Black "Haagen Larsen, Hans"]
[Result "1-0"]
[WhiteElo "1926"]
[BlackElo "1732"]
[PlyCount "83"]
[EventDate "2011.07.30"]
[EventType "swiss"]
[EventRounds "10"]
[EventCountry "DEN"]
[Source "ChessBase"]
[SourceDate "2011.08.29"]

1. d4 d5 2. c4 c6 3. Nf3 Nf6 4. Nc3 Bf5 5. cxd5 cxd5 6. Qb3 e6 7. Qxb7 Nbd7 8.
Nd2 a6 9. e3 Rb8 10. Qxa6 Bb4 11. Bb5 O-O 12. Bxd7 Bxc3 13. bxc3 Rb6 14. Qe2
Nxd7 15. Ba3 Re8 16. Bb4 Qg5 17. O-O Qg6 18. Rfe1 Nf6 19. f3 h5 20. e4 dxe4 21.
Nxe4 Nd5 22. a3 f6 23. Kh1 Nf4 24. Qf1 h4 25. Rad1 Nh5 26. Qf2 Bxe4 27. fxe4
Ng3+ 28. hxg3 hxg3 29. Qf3 Qh6+ 30. Kg1 Qh2+ 31. Kf1 Rb5 32. Ke2 Qh7 33. Rh1
Qg6 34. Rh3 Rg5 35. Kd2 Rg4 36. Re1 e5 37. d5 Rc8 38. Kd3 Rg5 39. c4 f5 40.
exf5 Rxf5 41. Qe4 Rcf8 42. Bxf8 1-0

[Event "33. Copenhagen Open (Politiken Cup)"]
[Site "Elsinore"]
[Date "2011.08.03"]
[Round "6"]
[White "Teplyi, Igor"]
[Black "Jensen, Michael Agermose"]
[Result "1/2-1/2"]
[WhiteElo "2393"]
[BlackElo "2109"]
[PlyCount "64"]
[EventDate "2011.07.30"]
[EventType "swiss"]
[EventRounds "10"]
[EventCountry "DEN"]
[Source "ChessBase"]
[SourceDate "2011.08.29"]

1. d4 g6 2. Nf3 Bg7 3. g3 d6 4. Bg2 Nf6 5. O-O O-O 6. c4 Nbd7 7. Nc3 e5 8. h3
a6 9. b3 Rb8 10. Bb2 Re8 11. e3 h6 12. Qc2 Nh7 13. Rad1 Ng5 14. Nh4 exd4 15.
exd4 Nf6 16. Kh2 Qd7 17. Nd5 Nxh3 18. Nxf6+ Bxf6 19. Rde1 Rxe1 20. Rxe1 Bxh4
21. d5 Bg5 22. Qe2 Kf8 23. Ba1 f6 24. Qb2 Qf5 25. Qe2 Bd7 26. Qe7+ Kg8 27. Re6
Bxe6 28. dxe6 Rf8 29. Bxh3 Qxf2+ 30. Bg2 Bf4 31. gxf4 Qxf4+ 32. Kh3 Qe3+
1/2-1/2

[Event "33. Copenhagen Open (Politiken Cup)"]
[Site "Elsinore"]
[Date "2011.08.03"]
[Round "6"]
[White "Thybo, Jan"]
[Black "Jacobsen, Caroline Beer"]
[Result "0-1"]
[WhiteElo "1042"]
[BlackElo "1586"]
[PlyCount "68"]
[EventDate "2011.07.30"]
[EventType "swiss"]
[EventRounds "10"]
[EventCountry "DEN"]
[Source "ChessBase"]
[SourceDate "2011.08.29"]

1. e4 e5 2. Nf3 Nc6 3. Bc4 Nf6 4. d3 Bc5 5. Ng5 O-O 6. O-O d6 7. h3 Ne7 8. Nc3
c6 9. Na4 Bb4 10. f4 h6 11. Bxf7+ Rxf7 12. Nxf7 Kxf7 13. a3 Ba5 14. b4 Bc7 15.
f5 b5 16. Nc3 Bb6+ 17. Kh2 Bd4 18. Bd2 d5 19. g4 dxe4 20. g5 hxg5 21. Bxg5 Bxc3
22. Bxf6 Kxf6 23. Qh5 Bxf5 24. Rxf5+ Nxf5 25. Rf1 g6 26. Qh7 Bd2 27. dxe4 Bf4+
28. Rxf4 exf4 29. exf5 gxf5 30. Qh6+ Ke5 31. Qxc6 Qd2+ 32. Kg1 Qe1+ 33. Kh2
Qd2+ 34. Kh1 Qd5+ 0-1

[Event "33. Copenhagen Open (Politiken Cup)"]
[Site "Elsinore"]
[Date "2011.08.03"]
[Round "6"]
[White "Veng, Johny"]
[Black "Hansen, Morten Moller"]
[Result "1-0"]
[WhiteElo "2309"]
[BlackElo "2097"]
[PlyCount "61"]
[EventDate "2011.07.30"]
[EventType "swiss"]
[EventRounds "10"]
[EventCountry "DEN"]
[Source "ChessBase"]
[SourceDate "2011.08.29"]

1. Nf3 f5 2. c4 Nf6 3. g3 d6 4. d4 e6 5. Bg2 c6 6. O-O Be7 7. Nc3 O-O 8. b3 Qc7
9. Qc2 a5 10. e4 b5 11. exf5 b4 12. Ne2 exf5 13. Re1 Ne4 14. Nd2 Ng5 15. h4 Nf7
16. Nf3 Na6 17. Nf4 Nd8 18. Bb2 Ra7 19. Re2 Bf6 20. Nh5 Qf7 21. Nxf6+ Qxf6 22.
d5 Qg6 23. dxc6 Nxc6 24. Ng5 Nd8 25. Rae1 h6 26. Bd5+ Kh8 27. Nh3 Qg4 28. Re8
Ne6 29. R1xe6 Raf7 30. Rxf8+ Rxf8 31. Rxh6# 1-0

[Event "33. Copenhagen Open (Politiken Cup)"]
[Site "Elsinore"]
[Date "2011.08.03"]
[Round "6"]
[White "Willumsen, Henrik"]
[Black "Zatonskih, Anna"]
[Result "0-1"]
[WhiteElo "2194"]
[BlackElo "2522"]
[PlyCount "50"]
[EventDate "2011.07.30"]
[EventType "swiss"]
[EventRounds "10"]
[EventCountry "DEN"]
[Source "ChessBase"]
[SourceDate "2011.08.29"]

1. e4 e6 2. b3 d5 3. Bb2 dxe4 4. Nc3 Nf6 5. d3 Bb4 6. a3 Bxc3+ 7. Bxc3 O-O 8.
Nh3 b6 9. g3 exd3 10. Bg2 c6 11. Nf4 dxc2 12. Qxc2 Nd5 13. O-O-O Nd7 14. Kb2
Rb8 15. h4 Nxc3 16. Qxc3 Qf6 17. Bxc6 Qxc3+ 18. Kxc3 Nf6 19. Rd6 Bb7 20. Kb4
Bxc6 21. Rxc6 Rfd8 22. Rhc1 Kf8 23. g4 Rd4+ 24. R1c4 Rxf4 25. Rxf4 Nd5+ 0-1

[Event "33. Copenhagen Open (Politiken Cup)"]
[Site "Elsinore"]
[Date "2011.08.03"]
[Round "6"]
[White "Zivkovic, Milenko"]
[Black "Carlstedt, Jonathan"]
[Result "0-1"]
[WhiteElo "2079"]
[BlackElo "2336"]
[PlyCount "116"]
[EventDate "2011.07.30"]
[EventType "swiss"]
[EventRounds "10"]
[EventCountry "DEN"]
[Source "ChessBase"]
[SourceDate "2011.08.29"]

1. d4 Nf6 2. Nc3 d5 3. e4 Nxe4 4. Nxe4 dxe4 5. Bc4 e6 6. f3 Bd6 7. Be3 Qh4+ 8.
Bf2 Qg5 9. Kf1 exf3 10. Nxf3 Qd8 11. Qe2 c6 12. Bh4 Be7 13. Bxe7 Qxe7 14. Kf2
Nd7 15. Rhf1 c5 16. Rad1 Nb6 17. Ne5 O-O 18. Kg1 cxd4 19. Rxd4 Qc5 20. c3 Nxc4
21. Nxc4 b5 22. Qe5 Qxe5 23. Nxe5 f6 24. Nc6 Re8 25. Rd6 Bb7 26. Nd4 Rad8 27.
Nxb5 a6 28. Rfd1 Rxd6 29. Nxd6 Rd8 30. Rd2 Bd5 31. Nf5 exf5 32. c4 Kf7 33. cxd5
Ke7 34. b4 Rb8 35. Re2+ Kd6 36. Re6+ Kxd5 37. Rxa6 Rxb4 38. Ra7 Rg4 39. a4 h5
40. Kf2 g5 41. Ra6 Re4 42. Ra5+ Ke6 43. Ra6+ Kf7 44. Ra7+ Kg6 45. a5 Ra4 46. g3
f4 47. a6 Kf5 48. Ra8 Ra2+ 49. Kg1 fxg3 50. hxg3 Kg4 51. a7 Kxg3 52. Kf1 h4 53.
Rf8 Rxa7 54. Rxf6 h3 55. Ke2 Re7+ 56. Kf1 g4 57. Ra6 Rf7+ 58. Ke1 h2 0-1

[Event "33. Copenhagen Open (Politiken Cup)"]
[Site "Elsinore"]
[Date "2011.08.06"]
[Round "9"]
[White "Aartun, Magnus"]
[Black "Lilja, Richard"]
[Result "0-1"]
[WhiteElo "1788"]
[BlackElo "2111"]
[PlyCount "70"]
[EventDate "2011.07.30"]
[EventType "swiss"]
[EventRounds "10"]
[EventCountry "DEN"]
[Source "ChessBase"]
[SourceDate "2011.08.29"]

1. d4 g6 2. c4 Bg7 3. g3 Nf6 4. Bg2 O-O 5. Nc3 d6 6. Nf3 c5 7. d5 Na6 8. O-O
Rb8 9. e4 Bd7 10. Qe2 Nc7 11. a4 e6 12. Bf4 e5 13. Bd2 Nfe8 14. Ne1 f5 15. f3
b6 16. Nb5 a6 17. Nc3 Kh8 18. Nd3 Nf6 19. h3 b5 20. axb5 axb5 21. b3 Nh5 22.
Qe1 f4 23. Ne2 Nxg3 24. Nxg3 fxg3 25. Qxg3 Bf6 26. Ra2 Bh4 27. Qh2 Ra8 28. Rfa1
Rxa2 29. Rxa2 Qb8 30. Ra1 bxc4 31. bxc4 Qb3 32. Nxe5 Qb2 33. Ra7 Qxd2 34. Rxc7
Bf2+ 35. Kh1 Qe1+ 0-1

[Event "33. Copenhagen Open (Politiken Cup)"]
[Site "Elsinore"]
[Date "2011.08.06"]
[Round "9"]
[White "Ambrosanio, Raffaele"]
[Black "Hansen, Mads"]
[Result "0-1"]
[WhiteElo "1967"]
[BlackElo "2224"]
[PlyCount "58"]
[EventDate "2011.07.30"]
[EventType "swiss"]
[EventRounds "10"]
[EventCountry "DEN"]
[Source "ChessBase"]
[SourceDate "2011.08.29"]

1. c4 e6 2. Nf3 Nf6 3. g3 d5 4. d4 Bb4+ 5. Bd2 Be7 6. Nc3 O-O 7. Bg2 dxc4 8.
Qa4 a6 9. Qxc4 b5 10. Qd3 Bb7 11. a3 c5 12. O-O Nbd7 13. e3 Bxf3 14. Bxf3 Ne5
15. Qe2 Nxf3+ 16. Qxf3 cxd4 17. exd4 Qxd4 18. Rfd1 Qc4 19. b4 a5 20. Qb7 axb4
21. axb4 Rxa1 22. Rxa1 Bxb4 23. Qf3 Rd8 24. Ra8 Rxa8 25. Qxa8+ Bf8 26. Qa6 Qd4
27. Be1 b4 28. Qa4 Qe5 29. Qa1 Nd5 0-1

[Event "33. Copenhagen Open (Politiken Cup)"]
[Site "Elsinore"]
[Date "2011.08.06"]
[Round "9"]
[White "Andersen, Daniel"]
[Black "Nielsen, Palle"]
[Result "1-0"]
[WhiteElo "1963"]
[BlackElo "1824"]
[PlyCount "103"]
[EventDate "2011.07.30"]
[EventType "swiss"]
[EventRounds "10"]
[EventCountry "DEN"]
[Source "ChessBase"]
[SourceDate "2011.08.29"]

1. c4 e5 2. Nc3 Nf6 3. Nf3 Nc6 4. e4 Bb4 5. d3 d6 6. h3 O-O 7. g3 Nd4 8. Bg2 c5
9. O-O Nxf3+ 10. Qxf3 Bxc3 11. bxc3 h6 12. g4 Nh7 13. Qg3 g5 14. f3 f6 15. Kf2
Qe8 16. Rh1 Qa4 17. Bd2 Rb8 18. h4 b5 19. hxg5 fxg5 20. Rxh6 Qc2 21. Ke3 bxc4
22. Bf1 Rb2 23. Rh2 cxd3 24. Qh3 Rf7 25. Qh6 Qa4 26. Qg6+ Rg7 27. Qxd6 Nf8 28.
Qxc5 Qa6 29. Bxd3 Qb6 30. Qxb6 Rxb6 31. Rc1 Ng6 32. Ke2 Rb2 33. Rc2 Rxc2 34.
Bxc2 Ba6+ 35. Bd3 Bxd3+ 36. Kxd3 Nh4 37. Ke2 Rf7 38. Rh3 Ng6 39. Bxg5 Rb7 40.
Bc1 Rb1 41. Kd1 Nf4 42. Rh2 Ra1 43. Rc2 Nd3 44. Kd2 Nxc1 45. Rxc1 Rxa2+ 46. Rc2
Ra3 47. Ke2 Kf7 48. c4 a5 49. c5 Rb3 50. c6 Rb8 51. Rc5 Rb2+ 52. Kd3 1-0

[Event "33. Copenhagen Open (Politiken Cup)"]
[Site "Elsinore"]
[Date "2011.08.06"]
[Round "9"]
[White "Andersen, Guttorm"]
[Black "Radice, Luca"]
[Result "0-1"]
[WhiteElo "1768"]
[BlackElo "2021"]
[PlyCount "68"]
[EventDate "2011.07.30"]
[EventType "swiss"]
[EventRounds "10"]
[EventCountry "DEN"]
[Source "ChessBase"]
[SourceDate "2011.08.29"]

1. d4 Nf6 2. c4 e6 3. Nc3 d5 4. cxd5 exd5 5. Bg5 c6 6. Qc2 Be7 7. e3 Nbd7 8.
Bd3 Nh5 9. Bxe7 Qxe7 10. Nge2 g6 11. O-O O-O 12. f3 Qxe3+ 13. Kh1 Ndf6 14. Rae1
Bd7 15. Nd1 Qe7 16. Qd2 Rfe8 17. g4 Ng7 18. Ng3 Qd6 19. Ne3 Qf4 20. Nc4 Qxd2
21. Nxd2 Ne6 22. Ne2 Kg7 23. Kg2 Re7 24. h3 Rae8 25. Kf2 h5 26. Kg3 Nxd4 27.
Rf2 hxg4 28. hxg4 Re3 29. Nxd4 Rxe1 30. Ne2 Re3 31. Nf4 Nxg4 32. Nf1 Nxf2 33.
Kxf2 Re8 34. Ng3 Ra1 0-1

[Event "33. Copenhagen Open (Politiken Cup)"]
[Site "Elsinore"]
[Date "2011.08.06"]
[Round "9"]
[White "Andersen, Rune Egede"]
[Black "Giffard, Nicolas"]
[Result "0-1"]
[WhiteElo "2078"]
[BlackElo "2342"]
[PlyCount "44"]
[EventDate "2011.07.30"]
[EventType "swiss"]
[EventRounds "10"]
[EventCountry "DEN"]
[Source "ChessBase"]
[SourceDate "2011.08.29"]

1. e4 c6 2. d4 d5 3. exd5 cxd5 4. Bd3 Nc6 5. c3 g6 6. h3 Nh6 7. Nf3 f6 8. O-O
Bg7 9. Re1 O-O 10. c4 Nb4 11. cxd5 Nxd3 12. Qxd3 Qxd5 13. Bxh6 Bxh6 14. Rxe7
Qd6 15. Qc4+ Kh8 16. Re4 Bf5 17. Rh4 Rac8 18. Nbd2 Rxc4 19. Nxc4 Qc7 20. Re1
Bg5 21. Nxg5 fxg5 22. Rh6 Kg7 0-1

[Event "33. Copenhagen Open (Politiken Cup)"]
[Site "Elsinore"]
[Date "2011.08.06"]
[Round "9"]
[White "Arnold, Marc Tyler"]
[Black "Johansson, Thomas"]
[Result "1-0"]
[WhiteElo "2445"]
[BlackElo "2207"]
[PlyCount "89"]
[EventDate "2011.07.30"]
[EventType "swiss"]
[EventRounds "10"]
[EventCountry "DEN"]
[Source "ChessBase"]
[SourceDate "2011.08.29"]

1. Nf3 f5 2. e4 fxe4 3. Ng5 d5 4. d3 Qd6 5. dxe4 h6 6. Nh3 Bxh3 7. Qh5+ g6 8.
Qxh3 Nc6 9. exd5 Nb4 10. Na3 Bg7 11. c3 Nxd5 12. Nc4 Qf6 13. Bd3 e6 14. O-O
Nge7 15. Re1 Rf8 16. f3 Nf5 17. Bxf5 gxf5 18. Qh5+ Kd7 19. Ne5+ Kc8 20. f4 a5
21. a3 Qe7 22. c4 Nb6 23. Qe2 Bxe5 24. fxe5 Qh4 25. Be3 Nd7 26. Rad1 f4 27. Bf2
Qg5 28. Qd3 Rf7 29. Re4 f3 30. g3 b6 31. Rd4 Qg7 32. Qe4 Ra7 33. Qc6 Rb7 34.
Qxe6 c5 35. Qe8+ Kc7 36. e6 cxd4 37. Qxf7 Qxf7 38. exf7 Rb8 39. Rxd4 Rf8 40.
Rf4 Kd6 41. Rxf3 Ke6 42. Bd4 a4 43. Kf2 Rxf7 44. Rxf7 Kxf7 45. Ke3 1-0

[Event "33. Copenhagen Open (Politiken Cup)"]
[Site "Elsinore"]
[Date "2011.08.06"]
[Round "9"]
[White "Bach, Matthias"]
[Black "Schandorff, Lars"]
[Result "1/2-1/2"]
[WhiteElo "2307"]
[BlackElo "2497"]
[PlyCount "136"]
[EventDate "2011.07.30"]
[EventType "swiss"]
[EventRounds "10"]
[EventCountry "DEN"]
[Source "ChessBase"]
[SourceDate "2011.08.29"]

1. d3 d5 2. Nd2 c6 3. g3 Nf6 4. Bg2 e5 5. e3 Bd6 6. Ne2 O-O 7. h3 Re8 8. b3
Nbd7 9. Bb2 a5 10. a3 Qe7 11. g4 h6 12. Ng3 Nf8 13. Nf5 Bxf5 14. gxf5 e4 15.
dxe4 Be5 16. Bxe5 Qxe5 17. exd5 Nxd5 18. Bxd5 cxd5 19. Rg1 Qxf5 20. Qg4 Qf6 21.
O-O-O Ne6 22. Nf3 Qa1+ 23. Kd2 Qxa3 24. Nd4 Qe7 25. Rg2 Qf6 26. Rdg1 g6 27. Qf5
Qxf5 28. Nxf5 Kh7 29. Nd6 Re7 30. Rg4 Rd8 31. Nb5 Rc8 32. h4 Rc5 33. Nd4 Nxd4
34. Rxd4 Rec7 35. Rc1 Kg7 36. b4 axb4 37. Rxb4 Kf6 38. c3 h5 39. f3 Ke6 40. Kd3
Rc4 41. Rb6+ R7c6 42. Rxb7 Rxh4 43. f4 Rh2 44. Ra1 Rd6 45. f5+ Kxf5 46. Rxf7+
Kg5 47. Ra5 Rh4 48. Rb7 Kf6 49. Rb4 Rh1 50. Rf4+ Kg7 51. Kd4 Rd1+ 52. Ke5 Rd8
53. Rd4 Re1 54. Rd3 Re8+ 55. Kxd5 R1xe3 56. Rxe3 Rxe3 57. c4 Kf6 58. c5 Rd3+
59. Kc4 Rd1 60. c6 h4 61. Rc5 Rc1+ 62. Kd5 Rxc5+ 63. Kxc5 h3 64. c7 h2 65. c8=Q
h1=Q 66. Qf8+ Kg5 67. Qe7+ Kg4 68. Qe6+ Kg5 1/2-1/2

[Event "33. Copenhagen Open (Politiken Cup)"]
[Site "Elsinore"]
[Date "2011.08.06"]
[Round "9"]
[White "Barane, Simon"]
[Black "Skjoldager, Mikael"]
[Result "1/2-1/2"]
[WhiteElo "1830"]
[BlackElo "1998"]
[PlyCount "63"]
[EventDate "2011.07.30"]
[EventType "swiss"]
[EventRounds "10"]
[EventCountry "DEN"]
[Source "ChessBase"]
[SourceDate "2011.08.29"]

1. e4 e5 2. Nf3 Nc6 3. Nc3 Nf6 4. a3 Be7 5. d4 exd4 6. Nxd4 O-O 7. Nxc6 dxc6 8.
Bg5 h6 9. Bh4 Re8 10. Qxd8 Bxd8 11. O-O-O Be6 12. f3 Be7 13. Bg3 Rac8 14. Ne2
Nh5 15. Bf4 Nxf4 16. Nxf4 Bg5 17. g3 h5 18. h4 Bh6 19. Kb1 Bxf4 20. gxf4 g6 21.
Rh2 Rcd8 22. Rhd2 Rxd2 23. Rxd2 Kf8 24. Kc1 Ke7 25. Bd3 Bc8 26. Kd1 Bd7 27. Ke2
Rg8 28. Ke3 c5 29. b3 b6 30. Rg2 f6 31. Bc4 Rg7 32. Bd3 1/2-1/2

[Event "33. Copenhagen Open (Politiken Cup)"]
[Site "Elsinore"]
[Date "2011.08.06"]
[Round "9"]
[White "Bjorneboe, Kristian"]
[Black "Schmied, Andreas"]
[Result "1/2-1/2"]
[WhiteElo "1941"]
[BlackElo "2081"]
[PlyCount "47"]
[EventDate "2011.07.30"]
[EventType "swiss"]
[EventRounds "10"]
[EventCountry "DEN"]
[Source "ChessBase"]
[SourceDate "2011.08.29"]

1. d4 Nf6 2. Nf3 g6 3. Nbd2 Bg7 4. e4 d5 5. e5 Ne4 6. Bb5+ c6 7. Ba4 O-O 8. O-O
f6 9. c3 Nxd2 10. Bxd2 Bg4 11. exf6 Rxf6 12. h3 Bxf3 13. gxf3 Qd6 14. Bc2 Nd7
15. Bg5 Rf7 16. Bh4 e5 17. Bg3 Qf8 18. dxe5 Bxe5 19. Kg2 Qd6 20. c4 Raf8 21.
cxd5 cxd5 22. Bb3 Nb6 23. Qe2 Bf4 24. Rad1 1/2-1/2

[Event "33. Copenhagen Open (Politiken Cup)"]
[Site "Elsinore"]
[Date "2011.08.06"]
[Round "9"]
[White "Bratholm, Palle"]
[Black "Nordin, Eric"]
[Result "1/2-1/2"]
[WhiteElo "2111"]
[BlackElo "1876"]
[PlyCount "76"]
[EventDate "2011.07.30"]
[EventType "swiss"]
[EventRounds "10"]
[EventCountry "DEN"]
[Source "ChessBase"]
[SourceDate "2011.08.29"]

1. e4 d6 2. d4 Nf6 3. Nc3 g6 4. f4 Bg7 5. Nf3 c5 6. Bb5+ Bd7 7. e5 Ng4 8. e6
fxe6 9. Ng5 Bxb5 10. Nxe6 Bxd4 11. Nxd4 Bd7 12. Nf3 Nc6 13. O-O Nf6 14. Nd5
Nxd5 15. Qxd5 Qb6 16. Ng5 O-O-O 17. Nf7 Nb4 18. Qe4 Bf5 19. Qe2 Nxc2 20. Nxh8
Rxh8 21. g4 c4+ 22. Qf2 Bd3 23. Qxb6 axb6 24. Bd2 Nxa1 25. Rxa1 Kd7 26. Re1 e6
27. Re3 Rf8 28. Kg2 h5 29. gxh5 gxh5 30. Rg3 Bf5 31. Rg7+ Kc6 32. Kg3 Rf6 33.
Kh4 Rg6 34. Rxg6 Bxg6 35. Kg5 Be8 36. Kf6 Kd7 37. h4 b5 38. a3 e5 1/2-1/2